000 00440nam a22001697a 4500
005 20260226160441.0
008 260226b |||||||| |||| 00| 0 eng d
041 _aeng
082 _a520.954-SEN-H
100 _aSEN, S. N AND SHUKLA , K. S
_98864
245 _aHISTORY OF ASTRONOMY IN INDIA
250 _a2nd Ed.
260 _aNEW DELHI
_bINDIAN NATIONAL SCIENCE ACADEMY
_c2000
300 _a529;p
650 _aBGP
_98859
942 _cBK
999 _c9039
_d9037